LEADER 00971nam a2200253 i 4500 001 000000235929 003 CaOOAMICUS 005 20141118000000.0 008 141118s1996 it u000 u ita u 013 $a214833 020 $a88-7016-104-8 040 $aSeMil$bita 100 1 $aGirardet, Giorgio <1919-2011>.$0(OLS)http://semarc/name/24289 245 10$aProtestanti perché /$cGiorgio Girardet. 250 $a3. ed. accresciuta e aggiornata. 260 $aTorino :$bClaudiana,$c1996. 300 $a160 p., [4] c. di tav. :$bill. ;$c21 cm. 650 4$aProtestantesimo.$0(OLS)http://semarc/subject/936 850 $aSeMil 852 $aSeMil$W1$xVenegono$y1$m2K II 419$j186275$B186275$CSeMilBibl$Z2$F197692 $81 961 $aLascito: Serenthà don Mario 996 $6020$a88-7016-104-8$9(OLS)http://semarc/number/240789 996 $6245$aProtestanti perché$9(OLS)http://semarc/title/336213 996 $6260$aTorino :$bClaudiana$9(OLS)http://semarc/publisher/29837 LEADER 00957nam a2200229 i 4500 001 000000069282 003 CaOOAMICUS 005 20240408104540.0 008 131004s1828 it u000 u ita u 026 $adiia t)t. imI. alpa (3) 1828 (R) 040 $aSeMil$bita 100 1 $aPiantanida, Luigi.$0(OLS)http://semarc/name/34606 245 10$aDel suicidio dissertazione dell'avvocato Luigi Piantanida .. 264 1$aMilano :$bper Antonio Fontana,$c1828. 300 $a[8], 335, [1] p. ;$c12°. 650 4$aSuicidio.$0(OLS)http://semarc/subject/9450 700 1 $aFontana, Antonio,$c.$0(OLS)http://semarc/name/13721 850 $aSeMil 852 $aSeMil$W1$xVenegono$y1$m2P I 43 FA$j35435$B35435$CSeMilBibl$Z2$F35438 $8I 996 $6245$aDel suicidio dissertazione dell'avvocato Luigi Piantanida ..$9(OLS)http://semarc/title/110883 996 $6264$aMilano :$bper Antonio Fontana$9(OLS)http://semarc/publisher/37986